Normal view
MARC view
- التميمي، محمود كاظم محمود
Entry Personal Name
001 - CONTROL NUMBER
- control field: 58127
003 - CONTROL NUMBER IDENTIFIER
- control field: JO-AjAnu
005 - DATE AND TIME OF LATEST TRANSACTION
- control field: 20230606083520.0
008 - FIXED-LENGTH DATA ELEMENTS
- fixed length control field: 230606|| aca||aabn | a|a d
040 ## - CATALOGING SOURCE
- Original cataloging agency: JO-AjAnu
- Transcribing agency: JO-AjAnu
100 ## - HEADING--PERSONAL NAME
- Personal name: التميمي، محمود كاظم محمود
670 ## - SOURCE DATA FOUND
- Source citation: Work cat.: (JO-AjAnu)29655: التميمي، محمود كاظم محمود , author, منهجية كتابة البحوث والرسائل في العلوم التربوية والنفسية